[Event "III Dolnoslaska Liga Szachowa 2017/2018"]
[Site "Dolny Slask"]
[Date "1899-12-30"]
[Round "2.27"]
[White "Siembab, Bartosz"]
[Black "Kowalczuk, Wojciech"]
[Result "1/2-1/2"]
[WhiteTitle "k++"]
[BlackTitle "k"]
[WhiteElo "2252"]
[BlackElo "2043"]

1. d4 d5 2. c4 c6 3. Nc3 Nf6 4. Nf3 e6 5. Bg5 Be7 6. e3 O-O 7. Bd3 Nbd7 8. O-O
dxc4 9. Bxc4 c5 10. Qe2 cxd4 11. Nxd4 1/2-1/2

[Event "III Dolnoslaska Liga Szachowa 2017/2018"]
[Site "Dolny Slask"]
[Date "1899-12-30"]
[Round "2.28"]
[White "Zielinski, Zbigniew"]
[Black "Szczesniak, Konrad"]
[Result "1-0"]
[WhiteTitle "I"]
[BlackTitle "k"]
[WhiteElo "1857"]
[BlackElo "2101"]

1. d4 Nf6 2. c4 g6 3. Nc3 Bg7 4. e4 d6 5. f3 Nc6 6. Be3 a6 7. Qd2 Rb8 8. a3 O-O
9. b4 e5 10. Nge2 Re8 11. d5 Nd4 12. Nxd4 exd4 13. Bxd4 c5 14. bxc5 dxc5 15. Bxc5
Nh5 16. O-O-O Bd7 17. g4 Nf4 18. Bd4 Bh6 19. Be3 Qf6 20. h4 g5 21. Bxf4 Qxf4 22.
Qxf4 gxf4 23. Kd2 Bf8 24. Nb1 Bc5 25. Bd3 Rbc8 26. Rhe1 Bf2 27. Re2 Bxh4 28. e5
h6 29. Rc1 Rc5 30. Bf5 Ba4 31. e6 Kf8 32. exf7 Rxe2+ 33. Kxe2 Kxf7 34. Nd2 Ra5
35. Rb1 Be7 36. Rxb7 Kf8 37. Ne4 Bxa3 38. d6 h5 39. Rb8+ Kg7 40. d7 Bxd7 41. Bxd7
hxg4 42. Bxg4 Be7 43. Rb7 Kf8 44. Kd3 Ra1 45. c5 Rc1 46. Kd4 Rd1+ 47. Ke5 Rc1
48. Ra7 Bxc5 49. Nxc5 Rxc5+ 50. Kxf4 a5 51. Be6 Rh5 52. Bf5 a4 53. Kg4 Rh1 54.
Rxa4 Kg7 55. Kg5 Rg1+ 56. Bg4 Kf7 57. Ra7+ Ke8 58. Kf6 Kd8 59. Rd7+ Ke8 60. Rc7
Rd1 61. Rc8+ 1-0

[Event "III Dolnoslaska Liga Szachowa 2017/2018"]
[Site "Dolny Slask"]
[Date "1899-12-30"]
[Round "2.29"]
[White "Majocha, Piotr"]
[Black "Borowski, Przemyslaw"]
[Result "1-0"]
[WhiteTitle "I"]
[BlackTitle "I"]
[WhiteElo "1902"]
[BlackElo "1797"]

1. c4 e5 2. g3 g6 3. Bg2 Bg7 4. Nc3 f5 5. d3 Nf6 6. e4 fxe4 7. Nxe4 Nxe4 8. Bxe4
c6 9. Qf3 Na6 10. Bd2 Nc7 11. c5 Ne6 12. Qe3 Nd4 13. Rc1 d5 14. cxd6 Qxd6 15.
Nf3 O-O 16. O-O Bg4 17. Nxd4 exd4 18. Qg5 Qd7 19. f4 Bf6 20. Qc5 Be7 21. Qc2 Be6
22. b4 Bd5 23. Rfe1 Bf6 24. Bxd5+ Qxd5 25. Qc4 Qxc4 26. Rxc4 Rae8 27. Re4 Rxe4
28. dxe4 Bd8 29. Kf2 Bb6 30. Ke2 Rc8 31. Kd3 a6 32. Be1 Ba7 33. Bf2 b5 34. Rc1
Kf7 35. e5 c5 36. bxc5 Rxc5 37. Rxc5 Bxc5 38. Bxd4 Bb4 39. g4 h5 40. gxh5 gxh5
41. f5 h4 42. h3 Be1 43. Ke4 a5 44. Kd5 b4 45. e6+ Kf8 46. f6 Bc3 47. Bc5+ 1-0

[Event "III Dolnoslaska Liga Szachowa 2017/2018"]
[Site "Dolny Slask"]
[Date "1899-12-30"]
[Round "2.30"]
[White "Czaplewska, Klara"]
[Black "Wasala, Wiktoria"]
[Result "1-0"]
[WhiteTitle "k+"]
[BlackTitle "I"]
[WhiteElo "1897"]
[BlackElo "1512"]

1. e4 d5 2. exd5 Qxd5 3. Nc3 Qd6 4. Nf3 Bg4 5. h3 Bh5 6. Be2 Nc6 7. Ne4 Qd5 8.
Ng3 Bg6 9. O-O e5 10. b3 Bc5 11. Bb2 Nd4 12. Nxd4 Bxd4 13. c3 Bb6 14. Bf3 Qd6
15. Bxb7 Rb8 16. Be4 Ne7 17. a4 c5 18. Qe2 O-O 19. Ba3 f5 20. Bc2 Nd5 21. Qc4
Kh8 22. a5 f4 23. Ne4 Bxe4 24. Bxe4 Nf6 25. axb6 axb6 26. d3 Nxe4 27. Qxe4 f3
28. Rad1 Rf4 29. Qe3 Qg6 30. g3 Qe6 31. Kh2 Rf6 32. Bc1 Rh6 33. h4 Rf8 34. Qe4
Rh5 35. d4 Rhf5 36. d5 Qd7 37. Qg4 R8f6 38. Qh3 e4 39. Qg4 Qe8 40. d6 h5 41. Qh3
Qd7 42. Rfe1 Rf8 43. Rxe4 1-0

[Event "III Dolnoslaska Liga Szachowa 2017/2018"]
[Site "Dolny Slask"]
[Date "1899-12-30"]
[Round "3.1"]
[White "Laszewicz, Pawel"]
[Black "Sernecki, Franciszek"]
[Result "1-0"]
[WhiteTitle "k"]
[BlackTitle "I+"]
[WhiteElo "2077"]
[BlackElo "2109"]

1. e4 c5 2. Nf3 e6 3. d4 cxd4 4. Nxd4 a6 5. Bd3 Qc7 6. Nd2 Nf6 7. Qe2 d5 8. e5
Nfd7 9. N2f3 Nc6 10. Nxc6 bxc6 11. O-O Be7 12. c4 Nc5 13. Bc2 a5 14. b3 Ba6 15.
Re1 O-O 16. Ng5 Bxg5 17. Bxg5 h6 18. Qh5 Ne4 19. Bxe4 dxe4 20. Bxh6 gxh6 21. Re3
f6 22. Rg3+ Kh8 23. Rd1 Qh7 24. Rg6 Rad8 25. Rd6 Rxd6 26. exd6 Rd8 27. Rxh6 Qxh6
28. Qxh6+ Kg8 29. Qg6+ Kf8 30. Qxf6+ Ke8 31. Qe7# 1-0

[Event "III Dolnoslaska Liga Szachowa 2017/2018"]
[Site "Dolny Slask"]
[Date "1899-12-30"]
[Round "3.2"]
[White "Dmochowska, Agnieszka"]
[Black "Luba, Lukasz"]
[Result "1/2-1/2"]
[WhiteTitle "WCM"]
[BlackTitle "I"]
[WhiteElo "2073"]
[BlackElo "2095"]

1. e4 c5 2. c3 d5 3. exd5 Qxd5 4. d4 Nc6 5. Nf3 Bg4 6. Be2 cxd4 7. cxd4 e6 8. Nc3
Bb4 9. O-O Qa5 10. Bd2 Nf6 11. a3 Bxc3 12. bxc3 Ne4 13. Qc2 Nxd2 14. Qxd2 O-O
15. h3 Bxf3 16. Bxf3 Rac8 17. Rfb1 Rfd8 18. Qb2 b6 19. Rd1 Qg5 20. g3 Na5 21.
Kg2 Nc4 22. Qe2 Qa5 23. Rd3 g6 24. h4 h6 25. Be4 Nd6 26. Rc1 Qxa3 27. Rc2 Nxe4
28. Qxe4 Qb3 29. Rf3 Qd5 30. Qf4 Qf5 31. Qd2 Qe4 32. Ra2 Qb7 33. Ra3 Kg7 34. Qf4
Qe7 35. Ra6 Rd5 36. Qe3 Qb7 37. Ra3 h5 38. Kh2 Rc4 39. Qd3 b5 40. Qb1 a6 41. Re3
Qc6 42. Qa1 Rd6 43. Re2 Kh7 44. Rea2 Qf3 45. Qe1 Rdc6 46. Rxa6 Rxc3 47. Rxc6 Qxc6
48. Ra7 Rc1 49. d5 Rxe1 50. dxc6 Kg7 51. Rb7 Rc1 52. c7 b4 53. Kg2 b3 54. Rxb3
Rxc7 1/2-1/2

[Event "III Dolnoslaska Liga Szachowa 2017/2018"]
[Site "Dolny Slask"]
[Date "1899-12-30"]
[Round "3.3"]
[White "Machlowski, Slawomir"]
[Black "Korpalski, Maciej"]
[Result "1-0"]
[WhiteTitle "I+"]
[BlackTitle "I+"]
[WhiteElo "2137"]
[BlackElo "2037"]

1. g3 Nf6 2. Bg2 g6 3. c4 Bg7 4. Nc3 O-O 5. Nf3 d6 6. O-O e5 7. d3 c6 8. Bd2 Re8
9. Rc1 a5 10. a3 Bf5 11. Ng5 Na6 12. h3 d5 13. cxd5 cxd5 14. Qb3 h6 15. Nxf7 Kxf7
16. Nxd5 Be6 17. Qxb7+ Nd7 18. Ne3 Nc5 19. Rxc5 Rb8 20. Qa7 Rxb2 21. Bxa5 Qb8
22. Rc7 Qxa7 23. Rxa7 Rxe2 24. Bd5 Kf6 25. Ng4+ Kf5 26. Bc6 Re7 27. Bd8 Rf7 28.
Ne3+ Rxe3 29. fxe3# 1-0

[Event "III Dolnoslaska Liga Szachowa 2017/2018"]
[Site "Dolny Slask"]
[Date "1899-12-30"]
[Round "3.4"]
[White "Wieczorek, Mikolaj"]
[Black "Majocha, Piotr"]
[Result "0-1"]
[WhiteTitle "I"]
[BlackTitle "I"]
[WhiteElo "1701"]
[BlackElo "1902"]

1. e4 e6 2. d4 d5 3. Nd2 dxe4 4. Nxe4 Nf6 5. Nxf6+ Qxf6 6. Nf3 h6 7. Be3 Bd6 8.
Nd2 Nd7 9. Bd3 O-O 10. Ne4 Qe7 11. O-O Nf6 12. c4 Nxe4 13. Bxe4 Bxh2+ 14. Kxh2
Qh4+ 15. Kg1 Qxe4 16. Re1 Qf5 17. Rc1 b6 18. c5 Bb7 19. c6 Ba6 20. Rc3 Rfd8 21.
Qd2 e5 22. d5 e4 23. Rd1 Bd3 24. f3 Rxd5 25. Qf2 Rad8 26. Qg3 exf3 27. Bxh6 f2+
28. Qxf2 Qxf2+ 29. Kxf2 gxh6 30. Ra3 a5 31. b4 Bg6 32. Rxd5 Rxd5 33. bxa5 Rxa5
34. Re3 Rxa2+ 35. Kg3 Rc2 36. Re7 Rxc6 0-1

[Event "III Dolnoslaska Liga Szachowa 2017/2018"]
[Site "Dolny Slask"]
[Date "1899-12-30"]
[Round "3.5"]
[White "Wasala, Wiktoria"]
[Black "Frej, Zofia"]
[Result "1-0"]
[WhiteTitle "I"]
[BlackTitle "k"]
[WhiteElo "1512"]
[BlackElo "1865"]

1. e4 c5 2. Nc3 e6 3. f4 d5 4. exd5 exd5 5. Bb5+ Bd7 6. Qe2+ Qe7 7. Bxd7+ Nxd7
8. Nxd5 Qxe2+ 9. Nxe2 O-O-O 10. b3 Ne7 11. Nxe7+ Bxe7 12. Bb2 Bf6 13. O-O-O Bxb2+
14. Kxb2 Nf6 15. d3 Ng4 16. Rde1 Rhe8 17. Nc3 f5 18. h3 Nf6 19. Re5 Rxe5 20. fxe5
Nd5 21. Nxd5 Rxd5 22. Re1 Kd7 23. e6+ Ke7 24. Kc3 b6 25. Kc4 Rd6 26. Kb5 a5 27.
a3 f4 28. b4 axb4 29. axb4 cxb4 30. Kxb4 Rd5 31. Re4 g5 32. d4 b5 33. c4 bxc4
34. Kxc4 Rd8 35. d5 Kd6 36. Kd4 Re8 37. Re5 h6 38. Ke4 Ke7 39. Rf5 Ra8 40. Rf7+
Kd6 41. Rd7+ Kc5 42. e7 Ra2 43. Kf5 Re2 44. Kf6 f3 45. gxf3 Re3 46. Kg6 1-0

[Event "III Dolnoslaska Liga Szachowa 2017/2018"]
[Site "Dolny Slask"]
[Date "1899-12-30"]
[Round "3.6"]
[White "Grela, Kacper"]
[Black "Daniel, Damian"]
[Result "1-0"]
[WhiteTitle "FM"]
[BlackTitle "I++"]
[WhiteElo "2274"]
[BlackElo "2094"]

1. d4 Nf6 2. c4 e6 3. Nc3 Bb4 4. e3 c5 5. a3 Bxc3+ 6. bxc3 d6 7. Bd3 Nc6 8. Ne2
O-O 9. O-O b6 10. e4 e5 11. d5 Na5 12. Ng3 Ba6 13. f4 Ne8 14. f5 f6 15. Qe2 Qd7
16. a4 Rf7 17. h4 Kf8 18. Be3 Ke7 19. Rf2 Nc7 20. Nf1 Rg8 21. g4 Kd8 22. Kh2 h6
23. Nd2 Bc8 24. Bc2 g5 25. fxg6 Rxg6 26. Rf5 Qe7 27. h5 Bxf5 28. exf5 Rg8 29.
Bxh6 Ne8 30. Be3 Rh7 31. Rg1 Kd7 32. Rg3 Ng7 33. Kg2 Qf7 34. Ne4 Rhh8 35. Bd3
Kc7 36. h6 Ne8 37. g5 fxg5 38. Nxg5 Qf6 39. h7 Rg7 40. Ne6+ Kb8 41. Nxg7 Nxg7
42. Rg6 Qf7 43. Qg4 Nxc4 44. Qxc4 Rxh7 45. Qg4 Qxd5+ 46. Be4 Qa2+ 47. Kf3 d5 48.
Rxg7 Rxg7 49. Qxg7 dxe4+ 50. Kg3 Kc8 51. f6 Qe2 52. Qg4+ 1-0

[Event "III Dolnoslaska Liga Szachowa 2017/2018"]
[Site "Dolny Slask"]
[Date "1899-12-30"]
[Round "3.7"]
[White "Kowalczuk, Wojciech"]
[Black "Komendecki, Jacek"]
[Result "0-1"]
[WhiteTitle "k"]
[BlackTitle "I++"]
[WhiteElo "2043"]
[BlackElo "2111"]

1. e4 c5 2. Nf3 g6 3. c3 Bg7 4. d4 cxd4 5. cxd4 d5 6. e5 Nc6 7. Bb5 Bd7 8. Nc3
e6 9. Bxc6 Bxc6 10. O-O a5 11. a4 Nh6 12. Bg5 Qd7 13. Qd2 Nf5 14. g4 Ne7 15. Bf6
O-O 16. Qg5 h6 17. Qh4 Nc8 18. Kh1 Bxf6 19. exf6 Qd8 20. Ne5 Nd6 21. f4 Kh7 22.
Rf3 Rh8 23. Rg1 Kg8 24. f5 g5 25. Qh5 exf5 26. Rxf5 Rh7 27. Rf3 Qb6 28. Re1 Qxd4
29. Nxc6 bxc6 30. Qh3 Re8 31. Qg3 Ne4 32. Nxe4 dxe4 33. Rf5 Qxb2 0-1

[Event "III Dolnoslaska Liga Szachowa 2017/2018"]
[Site "Dolny Slask"]
[Date "1899-12-30"]
[Round "3.8"]
[White "Krawiec, Grzegorz"]
[Black "Szmyd, Marek"]
[Result "1-0"]
[WhiteTitle "I"]
[BlackTitle "k"]
[WhiteElo "1714"]
[BlackElo "1940"]

1. e4 b6 2. d4 Bb7 3. Bd3 Nf6 4. Nc3 Nc6 5. Nf3 Nb4 6. O-O Nxd3 7. cxd3 e6 8. Bf4
Be7 9. Rc1 d6 10. Qa4+ Qd7 11. Qxd7+ Kxd7 12. Ng5 h6 13. Nxf7 Rh7 14. Nb5 Bc6
15. Rxc6 Kxc6 16. Rc1+ Kxb5 17. Rxc7 g5 18. Rxe7 gxf4 19. e5 dxe5 20. dxe5 Ka6
21. exf6 Rf8 22. Nd6 Rxf6 23. Rxh7 1-0

[Event "III Dolnoslaska Liga Szachowa 2017/2018"]
[Site "Dolny Slask"]
[Date "1899-12-30"]
[Round "3.9"]
[White "Stec, Czeslaw"]
[Black "Lewandowski, Wiktor"]
[Result "1-0"]
[WhiteTitle "II"]
[BlackTitle "II"]
[WhiteElo "1794"]
[BlackElo "1490"]

1. e4 c5 2. Nf3 e6 3. d4 cxd4 4. Nxd4 Nc6 5. Nb5 d6 6. c4 a6 7. N5c3 Nf6 8. Be2
Be7 9. O-O O-O 10. Be3 Bd7 11. Na3 Qc7 12. Rc1 Rac8 13. Qd2 Ne5 14. h3 Bc6 15.
f3 Qb8 16. Nc2 Rfd8 17. Nd4 Be8 18. b3 Nc6 19. Rfd1 Nxd4 20. Bxd4 Bc6 21. Qe3
h6 22. Qf2 Rd7 23. Bd3 Ne8 24. f4 Bf6 25. Ba7 Qa8 26. Bb6 Bd8 27. Bd4 Qb8 28.
Rf1 b6 29. f5 e5 30. Be3 f6 31. Qg3 Kh8 32. a4 Be7 33. Qg6 Bf8 34. Rf3 Re7 35.
Rg3 Nc7 36. Bxh6 Be8 37. Qg4 Kh7 38. Be3 b5 39. axb5 axb5 40. Qh4+ Kg8 41. Qxf6
bxc4 42. Bxc4+ Bf7 43. Rxg7+ Bxg7 44. Qxe7 Bxc4 45. bxc4 Ne8 46. Nd5 1-0

[Event "III Dolnoslaska Liga Szachowa 2017/2018"]
[Site "Dolny Slask"]
[Date "1899-12-30"]
[Round "3.10"]
[White "Karykowska, Anna"]
[Black "Czaplewska, Klara"]
[Result "1-0"]
[WhiteTitle "I++"]
[BlackTitle "k+"]
[WhiteElo "1927"]
[BlackElo "1897"]

1. e4 e5 2. Nf3 Nc6 3. Bc4 Bc5 4. c3 Nf6 5. d4 exd4 6. e5 d5 7. Bb5 Ne4 8. cxd4
Bb6 9. h3 O-O 10. O-O a6 11. Bxc6 bxc6 12. Nc3 f5 13. exf6 Qxf6 14. Nxe4 dxe4
15. Ne5 Qd6 16. Be3 Be6 17. Rc1 Bd5 18. Qa4 c5 19. Nc4 Qe7 20. dxc5 Ba7 21. Rfd1
Qe6 22. Rd2 Rab8 23. b3 Rb5 24. Na3 Rbb8 25. Rcd1 Rbd8 26. Nc2 c6 27. Nb4 Bb8
28. Nxa6 Be5 29. Qa5 Ra8 30. Rxd5 cxd5 31. Nc7 Bxc7 32. Qxc7 Rxa2 33. Qb7 Rd8
34. c6 Rc2 35. c7 Rc8 36. Bf4 Ra2 37. Rxd5 Raa8 38. Qxa8 Rxa8 39. Rd8+ Qe8 40.
Rxe8+ Rxe8 41. b4 1-0

[Event "III Dolnoslaska Liga Szachowa 2017/2018"]
[Site "Dolny Slask"]
[Date "1899-12-30"]
[Round "3.11"]
[White "Kossobudzki, Robert"]
[Black "Piotrowski, Przemyslaw"]
[Result "0-1"]
[WhiteTitle "I"]
[BlackTitle "k+"]
[WhiteElo "2103"]
[BlackElo "2305"]

1. b4 c6 2. e3 Qb6 3. a3 a5 4. b5 d5 5. c4 Nf6 6. Nc3 e5 7. Nf3 e4 8. Ng5 Nbd7
9. bxc6 bxc6 10. Rb1 Qd8 11. cxd5 cxd5 12. Qa4 Ba6 13. Bb5 Be7 14. d4 O-O 15.
O-O Nb6 16. Qd1 a4 17. Nh3 Bxb5 18. Rxb5 Qc7 19. Nf4 Rfd8 20. Bb2 Bd6 21. Nh5
Bxh2+ 22. Kh1 Nxh5 23. Qxh5 Rd6 24. Qxh2 Rh6 25. Qxh6 gxh6 26. Nxd5 Nxd5 27. Rxd5
Qc4 0-1

[Event "III Dolnoslaska Liga Szachowa 2017/2018"]
[Site "Dolny Slask"]
[Date "1899-12-30"]
[Round "3.12"]
[White "Kolasinski, Krzysztof"]
[Black "Grzesik, Norbert"]
[Result "1/2-1/2"]
[WhiteTitle "I++"]
[BlackTitle "I+"]
[WhiteElo "2055"]
[BlackElo "1989"]

1. d4 Nf6 2. c4 e6 3. Nc3 Bb4 4. Qc2 O-O 5. Bg5 d6 6. Nf3 Nbd7 7. e3 h6 8. Bh4
Qe7 9. Be2 e5 10. O-O Bxc3 11. Qxc3 Re8 12. Rfe1 a5 13. Nd2 b6 14. Bf3 Rb8 15.
Bc6 g5 16. Bg3 Bb7 17. Ba4 Rbd8 18. f3 Nh5 19. Qd3 Nxg3 20. hxg3 Qe6 21. d5 Qg6
22. Qxg6+ fxg6 23. Ne4 Rf8 24. Bxd7 Rxd7 25. a3 a4 26. g4 Kg7 27. Kf2 Rdd8 28.
Rac1 Bc8 29. Ke2 Bd7 30. Kd2 Ra8 31. Kc3 Ra7 32. Kb4 Raa8 33. Rh1 Rh8 34. Rh2
Ra7 35. Rf1 Raa8 36. Rfh1 Raf8 37. Nc3 Ra8 38. Rc1 Ra7 39. Ne4 Raa8 40. Ra1 Ra7
41. Rah1 Raa8 42. Nc3 Ra7 43. e4 Be8 44. Nb5 Bxb5 45. cxb5 Rh7 46. Rc1 Kf6 47.
g3 Ra8 48. Rch1 Kg7 49. Kc3 Ra5 50. Kc4 Ra8 51. Kb4 Ra7 52. Rf1 Kf6 53. Rc1 Ra8
54. Rch1 Kg7 55. Rc1 Kf6 56. Rhc2 Ra7 57. b3 axb3 58. Kxb3 Re7 59. Rh1 Rh7 60.
a4 Rh8 61. Rhc1 Rh7 62. Kb4 Re7 63. Rh1 Rh7 64. Ra2 Ra5 65. Rah2 Kg7 66. Rc2 Ra7
67. Rhc1 Kf6 68. Rc6 Re7 69. Ra1 Ra5 70. Rh1 Rh7 71. Rc2 Ra7 72. Rch2 Kg7 73.
Ra1 Ra5 74. Raa2 Kf6 75. Rh1 Kg7 76. Rc2 Ra7 1/2-1/2

[Event "III Dolnoslaska Liga Szachowa 2017/2018"]
[Site "Dolny Slask"]
[Date "1899-12-30"]
[Round "3.13"]
[White "Paprocki, Artur"]
[Black "Marko, Piotr"]
[Result "0-1"]
[WhiteTitle "I"]
[BlackTitle "I"]
[WhiteElo "1871"]
[BlackElo "1819"]

1. d4 Nf6 2. Nf3 g6 3. e3 Bg7 4. Bd3 d5 5. O-O O-O 6. b3 c5 7. Bb2 b6 8. Nbd2 Nc6
9. c4 Bb7 10. dxc5 bxc5 11. cxd5 Qxd5 12. Bc4 Qh5 13. Be2 Rad8 14. Qb1 Rxd2 15.
Nxd2 Qxe2 16. Nf3 Nb4 17. Re1 Qc2 18. a3 Ng4 19. Rf1 Qxb2 20. axb4 Qxa1 21. Qxa1
Bxa1 22. Rxa1 cxb4 23. Rxa7 Ra8 24. Rxa8+ Bxa8 0-1

[Event "III Dolnoslaska Liga Szachowa 2017/2018"]
[Site "Dolny Slask"]
[Date "1899-12-30"]
[Round "3.14"]
[White "Dytman, Radoslaw"]
[Black "Sitek, Pawel"]
[Result "1-0"]
[WhiteTitle "I"]
[BlackTitle "II"]
[WhiteElo "1681"]
[BlackElo "1713"]

1. e4 c5 2. Nf3 Nc6 3. d4 cxd4 4. Nxd4 Nf6 5. Nc3 e6 6. Ndb5 Bb4 7. a3 Bxc3+ 8.
Nxc3 d5 9. exd5 Nxd5 10. Nxd5 Qxd5 11. Qxd5 exd5 12. Bf4 Be6 13. O-O-O O-O 14.
Be2 Rac8 15. Bf3 Rfd8 16. Rd2 Na5 17. Kb1 Nc4 18. Rd4 Rc6 19. Rhd1 Nb6 20. g4
Rdc8 21. R1d2 Nc4 22. R2d3 Nb6 23. c3 f6 24. a4 a5 25. h4 Rc4 26. Rxc4 Rxc4 27.
Be3 Nxa4 28. Rxd5 Bxg4 29. Rd8+ Kf7 30. Bd5+ Be6 31. Rd7+ Kg6 32. Bxe6 Rxh4 33.
Bf7+ Kf5 34. Rd5+ Kg4 35. Rd4+ 1-0

[Event "III Dolnoslaska Liga Szachowa 2017/2018"]
[Site "Dolny Slask"]
[Date "1899-12-30"]
[Round "3.15"]
[White "Skiba, Aleksandra"]
[Black "Rogacka, Natalia"]
[Result "1/2-1/2"]
[WhiteTitle "I+"]
[BlackTitle "I"]
[WhiteElo "1747"]
[BlackElo "1558"]

1. d4 d5 2. c4 e6 3. Nc3 Nf6 4. Bg5 Be7 5. e3 O-O 6. Nf3 h6 7. Bh4 c6 8. Rc1 Nbd7
9. Qc2 Re8 10. Bd3 dxc4 11. Bxc4 Nd5 12. Bxe7 Qxe7 13. O-O Nxc3 14. bxc3 e5 15.
Qb3 b5 16. Be2 e4 17. Nd2 Nf6 18. c4 a6 19. cxb5 cxb5 20. Rc5 Bb7 21. Rfc1 Rac8
22. h3 Rxc5 23. Rxc5 Rc8 24. Rxc8+ Bxc8 25. Qc2 Bb7 26. Nb3 Qb4 27. Kf1 Qd6 28.
g3 Qe6 29. Kg2 Bc8 30. g4 h5 31. Nc5 Qd5 32. f3 hxg4 33. fxg4 Bb7 34. a4 Bc6 35.
Nxa6 Bd7 36. axb5 Bxb5 37. Bxb5 Qxb5 38. Nc5 Qc6 39. Qb3 Qa8 40. Kg3 Qa1 41. Qb8+
Kh7 42. Qf4 Qg1+ 43. Kh4 Qe1+ 44. Kg5 Qh1 45. Qf5+ Kg8 46. Qc8+ Kh7 47. Nd7 Nxd7
48. Qxd7 Qxh3 49. Qf5+ Kg8 50. Qc8+ Kh7 51. Qf5+ Kg8 52. Qc8+ Kh7 53. Qf5+ 1/2-1/2

[Event "III Dolnoslaska Liga Szachowa 2017/2018"]
[Site "Dolny Slask"]
[Date "1899-12-30"]
[Round "3.16"]
[White "Koszkul, Wojciech"]
[Black "Dowgird, Filip"]
[Result "0-1"]
[WhiteTitle "I++"]
[BlackTitle "k"]
[WhiteElo "2035"]
[BlackElo "2259"]

1. d4 Nf6 2. c4 Nc6 3. Nc3 e5 4. d5 Ne7 5. e4 Ng6 6. Be3 Bb4 7. Bd3 Bxc3+ 8. bxc3
d6 9. h3 Nh4 10. Kf1 b6 11. g3 Ng6 12. Ne2 Nd7 13. h4 Nc5 14. Bxc5 bxc5 15. h5
Ne7 16. f3 f5 17. Kg2 O-O 18. h6 g6 19. Qd2 fxe4 20. Bxe4 Bf5 21. Raf1 Nc8 22.
Qd3 Nb6 23. f4 Nd7 24. Bxf5 Rxf5 25. Qe4 Rb8 26. Rb1 Nf6 27. Qe3 Ng4 28. Qd2 Rxb1
29. Rxb1 Nxh6 30. fxe5 Rxe5 31. Qxh6 Rxe2+ 32. Kf3 Rxa2 33. Rb7 Qe8 34. Qe3 Qf7+
35. Qf4 Qe7 36. Qe4 Rf2+ 0-1

[Event "III Dolnoslaska Liga Szachowa 2017/2018"]
[Site "Dolny Slask"]
[Date "1899-12-30"]
[Round "3.17"]
[White "Dobrowolski, Aleksander"]
[Black "Kmiecik, Wojciech"]
[Result "1-0"]
[WhiteTitle "m"]
[BlackTitle "I+"]
[WhiteElo "2272"]
[BlackElo "1957"]

1. e4 e6 2. d4 d5 3. Nc3 Bb4 4. e5 Ne7 5. a3 Bxc3+ 6. bxc3 c5 7. Qg4 O-O 8. Bd3
f5 9. exf6 Rxf6 10. Bg5 Rf7 11. Qh5 g6 12. Qd1 Qa5 13. Bd2 Qa4 14. Nf3 Nbc6 15.
O-O e5 16. Nxe5 Nxe5 17. dxe5 c4 18. Be2 Bf5 19. Ra2 Re8 20. g4 Bc8 21. Be3 Qd7
22. f4 b6 23. a4 h5 24. h3 hxg4 25. hxg4 Qe6 26. Bd4 Rh7 27. Qd2 Qf7 28. Kg2 Rh4
29. Qe1 Qh7 30. Rh1 Rh6 31. Ra1 Rf8 32. Qg3 Nc6 33. Bf3 Be6 34. f5 Nxd4 35. cxd4
gxf5 36. gxf5+ Kf7 37. fxe6+ Ke8 38. Rxh6 Qxh6 39. Qg4 Rh8 40. Qh5+ Qxh5 41. Bxh5+
Rxh5 42. Rf1 Rg5+ 43. Kh3 Rg7 44. c3 Ke7 45. Rf6 a6 46. Kh2 b5 47. a5 Rg4 48.
Rf7+ Ke8 49. Ra7 b4 50. cxb4 Rxd4 51. Rxa6 c3 52. Rc6 Rxb4 53. Rxc3 Ra4 54. Rc5
d4 55. Kg3 Ke7 56. Kf4 Kxe6 57. Ke4 Kd7 58. Rd5+ Ke7 59. Rb5 Kd7 60. Rb7+ Ke8
1-0

[Event "III Dolnoslaska Liga Szachowa 2017/2018"]
[Site "Dolny Slask"]
[Date "1899-12-30"]
[Round "3.18"]
[White "Lipien, Wieslaw"]
[Black "Kwiecinski, Marian"]
[Result "1-0"]
[WhiteTitle "I++"]
[BlackTitle "k"]
[WhiteElo "2036"]
[BlackElo "2177"]

1. e4 c5 2. Nf3 d6 3. d4 cxd4 4. Nxd4 Nf6 5. Nc3 g6 6. f3 Bg7 7. Be3 Nc6 8. Qd2
Bd7 9. O-O-O Rc8 10. g4 h5 11. g5 Nh7 12. f4 Nf8 13. f5 Ne5 14. Kb1 Bc6 15. Be2
Qa5 16. f6 exf6 17. Ndb5 Rd8 18. Nxd6+ Rxd6 19. Qxd6 Ne6 20. gxf6 Bxf6 21. Nd5
Qd8 22. Nxf6+ Qxf6 23. Rhf1 Qg7 24. Bc5 1-0

[Event "III Dolnoslaska Liga Szachowa 2017/2018"]
[Site "Dolny Slask"]
[Date "1899-12-30"]
[Round "3.19"]
[White "Zych, Marek"]
[Black "Guziewicz, Wojciech"]
[Result "1-0"]
[WhiteTitle "I"]
[BlackTitle "I"]
[WhiteElo "2100"]
[BlackElo "1792"]

1. Nf3 e6 2. c4 c5 3. g3 Nc6 4. Bg2 Nf6 5. Nc3 d5 6. cxd5 exd5 7. d4 h6 8. O-O
cxd4 9. Nxd4 Bc5 10. Be3 Bb6 11. h3 O-O 12. Na4 Bc7 13. Rc1 Bd7 14. Nc5 Rb8 15.
b3 Bd6 16. Nxb7 Rxb7 17. Nxc6 Qe8 18. Na5 Rb5 19. Bd2 Ne4 20. Be1 Ng5 21. Kh2
Qe6 22. h4 Ne4 23. e3 g5 24. hxg5 hxg5 25. Rc2 Qh6+ 26. Kg1 Nf6 27. f3 Nh5 28.
f4 gxf4 29. gxf4 Bc5 30. Rxc5 Rxc5 31. Bb4 Rxa5 32. Bxa5 Ng3 33. Re1 Kh8 34. Bc3+
Kh7 35. Qxd5 Bf5 36. e4 Bh3 1-0

[Event "III Dolnoslaska Liga Szachowa 2017/2018"]
[Site "Dolny Slask"]
[Date "1899-12-30"]
[Round "3.20"]
[White "Kmiecik, Emilia"]
[Black "Korosciel, Aneta"]
[Result "0-1"]
[WhiteTitle "I+"]
[BlackTitle "m"]
[WhiteElo "1797"]
[BlackElo "1993"]

1. d4 Nf6 2. c4 e6 3. Nf3 b6 4. Nc3 Bb4 5. Bd2 O-O 6. e3 Bb7 7. Bd3 Bxc3 8. Bxc3
Ne4 9. Bb4 d6 10. Qc2 f5 11. h4 Nd7 12. O-O-O Ndf6 13. Ng5 Nxg5 14. hxg5 Ng4 15.
Rdg1 Qxg5 16. f4 Qg6 17. Rh3 Rad8 18. Kb1 c5 19. Bc3 cxd4 20. exd4 Rf7 21. Qe2
d5 22. Rg3 dxc4 23. Bxc4 Bd5 24. Bd3 Rc7 25. Rh1 Qe8 26. Rxg4 fxg4 27. Bxh7+ Kf7
28. Qxg4 Qa4 29. Bg6+ Ke7 30. Rh7 Qxa2+ 31. Kc1 Kd6 32. Bc2 Qc4 33. Rxg7 Rxg7
34. Qxg7 Qf1+ 35. Kd2 Qxf4+ 36. Ke2 Bc4+ 37. Kd1 Qf1+ 38. Kd2 Qf2+ 39. Kd1 Qf1+
40. Kd2 Qf4+ 41. Kd1 Rd7 42. Qg8 Qf1+ 43. Kd2 Qe2+ 44. Kc1 Qe3+ 45. Bd2 Qxd4 46.
Qb8+ Kc6 47. Ba4+ b5 48. Qa8+ Kb6 49. Qb8+ Rb7 50. Ba5+ Kxa5 51. Qxb7 bxa4 52.
Qc8 Kb4 53. Qb7+ Bb5 54. Kc2 Qd3+ 55. Kc1 Kb3 56. Qf3 Qxf3 57. gxf3 Bd3 0-1

[Event "III Dolnoslaska Liga Szachowa 2017/2018"]
[Site "Dolny Slask"]
[Date "1899-12-30"]
[Round "3.21"]
[White "Pyka, Roman"]
[Black "Klykow, Lukasz"]
[Result "1/2-1/2"]
[WhiteTitle "I++"]
[BlackTitle "k"]
[WhiteElo "1957"]
[BlackElo "2181"]

1. d4 d5 2. Nf3 Nf6 3. c4 c6 4. Nc3 e6 5. Bg5 dxc4 6. e4 b5 7. e5 h6 8. Bh4 g5
9. Nxg5 hxg5 10. Bxg5 Be7 11. exf6 Bxf6 12. Bxf6 Qxf6 13. g3 Na6 14. Bg2 Bb7 15.
Nxb5 O-O-O 16. Nc3 Rxd4 17. Qe2 Nc5 18. O-O Nd3 19. f4 Rdd8 20. Rad1 Qd4+ 21.
Kh1 Rh6 22. Bf3 Rdh8 23. Rd2 Qg7 24. Ne4 Rxh2+ 25. Qxh2 Rxh2+ 26. Kxh2 Kc7 27.
b3 c5 28. Nd6 Qh8+ 29. Kg2 Bxf3+ 30. Kxf3 Kxd6 31. bxc4 Qc3 32. Rfd1 Ke7 33. Rxd3
Qxc4 34. Rd7+ Kf6 35. Rxa7 Qc3+ 36. Kg4 Qc2 37. Rdd7 Qe2+ 38. Kh3 Qh5+ 39. Kg2
Qe2+ 40. Kh3 Qh5+ 41. Kg2 Qe2+ 42. Kh3 Qf1+ 43. Kh2 Qf2+ 44. Kh3 Qf1+ 1/2-1/2

[Event "III Dolnoslaska Liga Szachowa 2017/2018"]
[Site "Dolny Slask"]
[Date "1899-12-30"]
[Round "3.22"]
[White "Stelmaszuk, Maciej"]
[Black "Gromczak, Dariusz"]
[Result "1-0"]
[WhiteTitle "I"]
[BlackTitle "I+"]
[WhiteElo "1929"]
[BlackElo "1943"]

1. d4 d6 2. Nf3 g6 3. c4 Bg7 4. Nc3 c6 5. Qc2 Nd7 6. d5 Ngf6 7. e4 O-O 8. Be2 cxd5
9. cxd5 Nc5 10. Be3 Ng4 11. Bd4 f5 12. Bxg7 Kxg7 13. b4 Nxe4 14. Nxe4 fxe4 15.
Qxe4 Qb6 16. O-O Bf5 17. Qxe7+ Rf7 18. Qh4 h6 19. Rad1 Re8 20. Bd3 Bxd3 21. Rxd3
Re4 22. a3 Rfe7 23. Nd2 g5 24. Qg3 Rf4 25. Nf3 Nf6 26. Nd2 Re2 27. Rf3 Rxf3 28.
Nxf3 Ne4 29. Qg4 Nxf2 30. Qd4+ Qxd4 31. Nxd4 Re4 32. Ne6+ Rxe6 33. dxe6 Ne4 34.
e7 1-0